Responses for show #4385 - Friday, October 3, 2003

Contestants

Jason Flowers, a high school teacher originally from Morgan City, Louisiana

Vane Lucas, a banker from Tulsa, Oklahoma

Tom Massimo, an equity trader from New York, New York (whose 1-day cash winnings total $23,200)

Jeopardy! Round responses

PRESIDENTIAL TERMS OF SERVICE
CLASSIC COMIC STRIPS
WORLD TRAVEL
THE NEXT SOUND YOU HEAR...
PEAS
"Q"s
    $200 1
Franklin Roosevelt

Tom
    $200 6
Blondie

Tom
    $200 11
India

Jason
    $200 21
an echo

Vane
    $200 26
ham

Jason
    $200 16
quench

Tom
    $400 2
Jimmy Carter

Jason
    $400 7
(Vane: What is Prince Valiant?)

Hagar the Horrible

VaneJason
    $400 12
the Nile

Tom
    $400 22
"You rang?"

Vane
    $400 27
lima beans

Tom
    $400 17
quixotic

Vane
    $600 3
Teddy Roosevelt

Vane
    $600 8
Id

Tom
    $600 13
the burning bush

Vane
    $600 23
a horn

Vane
    $600 28
snow peas

Jason
    $600 18
(Tom: What is quoth?)

quaint

TomJason
    $800 4
(Vane: Who is Jackson?)

William Henry Harrison

Vane
    $800 9
Michael

Tom
    $800 14
the Galapagos Islands

Vane
    $800 24
thunder

Triple Stumper
    $800 29
legumes

Vane
    $800 19
quoit

Vane
    $1000 5
James Buchanan

Jason
    $1000 10
(Vane: What is Brenda Starr?)

Mary Worth

Vane
Triple Stumper
    $1000 15
the Atlas Mountains

Tom
    $1000 25
glass breaking

Jason
    $1000 30
Mendel

Tom
    $1000 20
quisling

Vane

Scores at the first commercial break (after clue 15):

Tom Vane Jason
$3,200 -$200 $2,000

Scores at the end of the Jeopardy! Round:

Tom Vane Jason
$4,200 $4,000 $4,400

Double Jeopardy! Round responses

ART
TV NEWS
GEOMETRY
PANCHO VILLAGE
NAME THE AUTHOR
THE 7 DEADLY SIN-ONYMS
    $400 7
Michelangelo

Vane
    $400 6
The Odd Couple

Vane
    $400 1
parallel lines

Jason
    $400 21
Pershing

Tom
    $400 16
Dante

Tom
    $400 23
jealousy

Triple Stumper
    $800 8
Toulouse-Lautrec

Tom
    $800 10
Lou Grant

Vane
    $800 2
a cone

Vane
    $800 22
New Mexico

Jason
    $800 17
Margaret Mitchell

Vane
    $800 24
greed

Vane
    $1200 9
Norman Rockwell

Jason
    $1200 11
Lois and Clark

Vane
    $1,200 3
300

Vane
    $1200 28
El Paso

Jason
    $1200 18
Henry Fielding

Tom
    $1200 25
ego

Triple Stumper
    $1600 14
Goya

Tom
    $1600 12
My Favorite Martian

Triple Stumper
    $1600 4
triangle

Jason
    $1600 29
(Tom: Who is Zapata?)

Diaz

Tom
Triple Stumper
    $1600 19
Alexandre Dumas

Triple Stumper
    $1600 26
desire

Triple Stumper
    $2000 15
Raphael

Tom
    $2000 13
(Vane: What is "Dave's Life"?)

Dave's World

TomVane
    $2000 5
(Jason: What is egocentric?)

eccentric

Jason
Triple Stumper
    $2000 30
Ambrose Bierce

Triple Stumper
    $2000 20
Ross MacDonald

Triple Stumper
    $1,000 27
(Vane: I have no idea.)

indolence

Vane

Scores at the end of the Double Jeopardy! Round:

Tom Vane Jason
$11,000 $7,400 $7,600

[wagering suggestions for these scores]

Final Jeopardy! Round responses

MOVIE HEROES
VaneWho is Indiana Jones?
$1,000
JasonWho is Indiana Jones?
$7,595
TomWho is Indiana Jones?
$4,201
Indiana Jones

Final scores:

Tom Vane Jason
$15,201 $8,400 $15,195
2-day champion: $38,401 3rd place: $1,000 2nd place: $2,000

Game dynamics:

Coryat scores:

Tom Vane Jason
$11,000 $9,200 $7,600
16 R,
2 W
18 R
(including 1 DD),
5 W
(including 2 DDs)
13 R,
1 W

Combined Coryat: $27,800

The J! Archive is created by fans, for fans. The Jeopardy! game show and all elements thereof, including but not limited to copyright and trademark thereto, are the property of Jeopardy Productions, Inc. and are protected under law. This website is not affiliated with, sponsored by, or operated by Jeopardy Productions, Inc. Join the discussion at JBoard.tv.